000 00807nam a2200241Ia 4500
003 OSt
005 20220923214507.0
006 a|||||r|||| 00| 0
007 ta
008 220922b |||||||| |||| 00| 0 hin d
024 _a170,028
037 _cTextual
040 _aARTS
_cARTS
_bhin
041 _2hin
_ahin
082 _aO152:3N01:6, J5;K2
100 _aशर्मा, पाण्डेय बेचन, उग्र
245 0 _aकला का पुरस्कार
246 _aKalā kā puraskāra
250 _aसंस्क0 2
260 _aदिल्ली
_b आत्माराम एण्ड संस
_c1962
942 _hO152:3N01:6, J5;K2
_cTEXL
_2CC
999 _c324392
_d324392